|
|
|
|
| LEADER |
00000nam0a2200000 4500 |
| 001 |
102962 |
| 005 |
20250521100639.0 |
| 035 |
|
|
|a (RuTPU)RU\TPU\book\111009
|
| 035 |
|
|
|a RU\TPU\book\47857
|
| 090 |
|
|
|a 102962
|
| 100 |
|
|
|a 20061010d1982 m y0rusy50 ca
|
| 101 |
1 |
|
|a rus
|c ger
|
| 102 |
|
|
|a RU
|
| 105 |
|
|
|a a f 000zy
|
| 200 |
1 |
|
|a Физкультура и спорт
|e малая энциклопедия: пер. с нем.
|
| 210 |
|
|
|a Москва
|c Радуга
|d 1982
|
| 215 |
|
|
|a 375 с.
|c ил.
|
| 333 |
|
|
|a Исключено из фонда НТБ ТПУ
|
| 610 |
1 |
|
|a физкультура
|
| 610 |
1 |
|
|a спорт
|
| 610 |
1 |
|
|a виды
|
| 610 |
1 |
|
|a энциклопедии
|
| 675 |
|
|
|a 79
|v 3
|
| 801 |
|
1 |
|a RU
|b 63413507
|c 20021219
|g PSBO
|
| 801 |
|
2 |
|a RU
|b 63413507
|c 20090528
|g PSBO
|
| 850 |
|
|
|a 63413507
|
| 942 |
|
|
|c BK
|